书目信息 |
| 题名: |
经济刑法学
|
|
| 作者: | 赵长青 主编 | |
| 分册: | ||
| 出版信息: | 北京 法律出版社 1999.08 |
|
| 页数: | 528页 | |
| 开本: | 32开 | |
| 丛书名: | ||
| 单 册: | ||
| 中图分类: | D924.33 | |
| 科图分类: | ||
| 主题词: | 法律--中国 | |
| 电子资源: | ||
| ISBN: | 7-5036-2902-9 | |
| 000 | 00543nam0 2200193 45 | |
| 001 | 0010261496 | |
| 005 | 20001026143348.2 | |
| 010 | @a7-5036-2902-9@d28.00元 | |
| 100 | @a20001026d1999 km y0chiy0120 ea | |
| 101 | 0 | @achi |
| 105 | @a z 000yy | |
| 200 | 1 | @a经济刑法学@AJing Ji Xing Fa Xue@f赵长青主编@FZhao Chang Qing Zhu Bian |
| 210 | @a北京@c法律出版社@d1999.08 | |
| 215 | @a528页@d32开 | |
| 606 | 0 | @a法律@x中国 |
| 690 | @aD924.33@v3 | |
| 701 | 0 | @a赵长青@4主编 |
| 801 | @aCN@bPftUser@c20001026 | |
| 905 | @b190792-794@dD924.33@eZH675@f3 | |
| 经济刑法学/赵长青主编.-北京:法律出版社,1999.08 |
| 528页;32开 |
| ISBN 7-5036-2902-9:28.00元 |
| ● |
| 相关链接 |
|
|
|
正题名:经济刑法学
索取号:D924.33/ZH675
 
预约/预借
| 序号 | 登录号 | 条形码 | 馆藏地/架位号 | 状态 | 备注 |
| 1 | 190792 | 201907927 | 社科库509/ [索取号:D924.33/ZH675] | 在馆 | |
| 2 | 190793 | 201907936 | 社科库509/509社科库 98排2列5层/ [索取号:D924.33/ZH675] | 在馆 | |
| 3 | 190794 | 201907945 | 社科库509/509社科库 98排2列5层/ [索取号:D924.33/ZH675] | 在馆 |